| 000 | 00454nam a2200205Ia 4500 | ||
|---|---|---|---|
| 008 | 210210b1911 xxu||||| |||| 00| 0 eng d | ||
| 041 | _aeng | ||
| 082 | _a444/87 | ||
| 100 | _aNODIER (C) | ||
| 245 | _aTresor des feves et fleur des pois | ||
| 260 |
_aLondon _bMacmillan & Co. Ltd. _c1911 |
||
| 650 | _aTresor | ||
| 650 | _apois | ||
| 650 | _afleur | ||
| 650 | _afeves | ||
| 650 | _aet | ||
| 650 | _ades | ||
| 690 | _aFrench | ||
| 906 | _a006282 | ||
| 999 |
_c129302 _d129302 |
||